Stati per numero di morti - Africa - Statistics

Statistiche generali
  • Questo quiz è stato fatto 6 volte
  • Il punteggio medio è 8 su 10
Statistiche sulle risposte
Numero di nascite Nazione % Corretto
678 798 Sudafrica
100%
691 381 Egitto
83%
815 212 Etiopia
83%
282 145 Mozambico
83%
2 792 704 Nigeria
83%
930 839 Repubblica Democratica del Congo
83%
310 525 Sudan
83%
395 720 Tanzania
83%
276 278 Angola
67%
427 272 Kenya
67%
Nessun quiz corrispondente trovato
Distribuzione punteggi
Percentuale di utenti per punteggio
Percentile per numero di risposta
I tuoi punteggi nel tempo
Non hai fatto questo quiz